00473 2200193 4500001002100000005001500021008004100036035002000077082000800097084001400105100001900119245005000138250000600188260003600194300001100230650001400241990001200255990001200267INLIS00000000000037720240430020455240430 0 ind  a0010-0424000353 a510 a510 MUN a aHani'ah, Munal1 aAda Apa Di Balik Lingkaran ? /cMunal Hani'ah a1 aKlaten :bIntan Pariwara,c2015 a68 hlm 4aNon Fiksi a0728592 a0728593